| 000 | 00472nam a2200181Ia 4500 | ||
|---|---|---|---|
| 001 | 23756 | ||
| 003 | GE_BSU | ||
| 008 | 181216s||||||||xx |||||||||||||| ||und|| | ||
| 040 | _cGE_BSU | ||
| 245 | _aParis Match, du 8 au 14 novembre. №3626. 2018 | ||
| 260 | _aparis | ||
| 260 | _c2018 | ||
| 300 | _a125p;ill;27cm; | ||
| 653 | _aParis Match, du 8 au 14 novembre. №3626. 2018 | ||
| 653 | _aПериодика | ||
| 653 | _aპერიოდიკა | ||
| 942 | _cCR | ||
| 999 |
_c56635 _d56635 |
||